| 000 | 01147nam0a2200289 i 4500 | ||
|---|---|---|---|
| 001 | RU\NLR\BIBL_A\010801972 | ||
| 005 | 20241103014953.0 | ||
| 010 |
_a9785904792350 _92000 |
||
| 021 |
_aRU _b2015-46801 _92787 |
||
| 035 | _a(NLR Aleph) 010801972 | ||
| 090 |
_a10165183 _c10165183 |
||
| 100 | _a20150715d2015 u y0rusy50 ca | ||
| 101 | 0 | _arus | |
| 102 | _aRU | ||
| 105 | _aach|g|||001zy | ||
| 200 | 1 |
_aСамоварное дело в России _eкаталог-справочник _fС. П. Калиничев |
|
| 210 |
_aМосква _cХобби Пресс _d2015 |
||
| 215 |
_a456 с. _cил., цв. ил.. портр., факс. _d30 |
||
| 320 | _aБиблиогр.: с. 452-453 (81 назв.) | ||
| 320 | _aАлф. указ. назв. предприятий и фамилий их владельцев: с. 447-451 | ||
| 606 |
_aСамовары _jКаталоги-справочники _91960683 _3RU\NLR\AUTH\66897473 |
||
| 686 | 1 | _aЩ126.53(2Р=Рус)я26 | |
| 700 | 1 |
_aКалиничев _bС. П. _gСергей Петрович |
|
| 942 | _cBOOK | ||
| 980 | _aNBR | ||